000 00766nam a2200253Ia 4500
003 OSt
005 20220918171843.0
006 a|||||r|||| 00| 0
007 ta
008 220917b |||||||| |||| 00| 0 eng d
020 _a9788181522160 (hbk)
_c925
024 _a238,453
037 _b263, 23/12/2008, N. R. Book Distributors
_cTextual
040 _aARTS
_cARTS
_beng
041 _2eng
_aeng
082 _aQ8441:332wK66, P8
100 _aBakshi S R
_924227
245 0 _aGuru Nanak and development of Sikhism
260 _aJaipur
_bBook Enclave India
_c2008
300 _a328p.
_ccm.
650 _aRELIGION
942 _hQ8441:332wK66, P8
_cTEXL
_2CC
999 _c141618
_d141618